[Event "Arco op 41st"]
[Site "Arco"]
[Date "2019.10.09"]
[Round "6"]
[White "Giacchino, Claudio"]
[Black "Bonini, Roberto"]
[Result "0-1"]
[WhiteElo "1594"]
[BlackElo "1743"]
[PlyCount "35"]
[EventDate "2019.10.04"]
[EventType "swiss"]
[EventRounds "9"]
[EventCountry "ITA"]
[SourceTitle "EXT 2020"]
[Source "ChessBase"]
[SourceDate "2019.10.17"]
[SourceVersion "1"]
[SourceVersionDate "2019.10.17"]
[SourceQuality "1"]

1. e4 c5 2. Nc3 Nc6 3. Nf3 d6 4. h3 Nf6 5. Bc4 a6 6. a3 e6 7. d3 Be7 8. 0-0 0-0 9. Re1 d5 10. exd5 exd5 11. Ba2 d4 12. Ne2 Nd5 13. Ng3 Kh8 14. Qe2 Be6 15. Ne5 Nxe5 16. Qxe5 Bd6 17. Qg5 Rc8 18. Bd2 0-1

[Event "Arco op 41st"]
[Site "Arco"]
[Date "2019.10.04"]
[Round "1"]
[White "Bonini, Roberto"]
[Black "Bellmann, Rambald"]
[Result "0-1"]
[WhiteElo "1743"]
[BlackElo "2089"]
[PlyCount "114"]
[EventDate "2019.10.04"]
[EventType "swiss"]
[EventRounds "9"]
[EventCountry "ITA"]
[SourceTitle "EXT 2020"]
[Source "ChessBase"]
[SourceDate "2019.10.17"]
[SourceVersion "1"]
[SourceVersionDate "2019.10.17"]
[SourceQuality "1"]

1. e4 c5 2. Nf3 Nc6 3. d4 cxd4 4. Nxd4 Nf6 5. Nc3 e5 6. Ndb5 d6 7. Nd5 Nxd5 8. Qxd5 Be6 9. Qd1 a6 10. Nc3 Rc8 11. Be3 Be7 12. Be2 0-0 13. 0-0 Kh8 14. f4 f5 15. exf5 Bxf5 16. Nd5 exf4 17. Rxf4 Bg5 18. Bb6 Qd7 19. Rxf5 Rxf5 20. Bg4 Ne5 21. Bxf5 Qxf5 22. Be3 Rxc2 23. Qf1 Bxe3+ 24. Nxe3 Qxf1+ 25. Rxf1 Rc8 26. Rd1 Rd8 27. Nd5 Kg8 28. Rf1 Rd7 29. Rf4 Rf7 30. Rd4 Rd7 31. Kf2 Kf7 32. Ke3 g5 33. h3 Ke6 34. Ke4 Rf7 35. Rd2 h6 36. Rc2 Nc6 37. a3 Rf1 38. Nc7+ Kd7 39. Nd5 Re1+ 40. Kd3 Rd1+ 41. Rd2 Rxd2+ 42. Kxd2 Ke6 43. Ne3 Ne5 44. Kc3 h5 45. Kd4 Nc6+ 46. Ke4 Ne7 47. g4 h4 48. Kd4 b6 49. Ke4 d5+ 50. Kd4 Nc6+ 51. Kd3 Ne5+ 52. Ke2 d4 53. Nf5 Kd5 54. b3 Ke4 55. Nd6+ Kf4 56. Nf5 d3+ 57. Kf2 Ke4 0-1

[Event "Verona op-B"]
[Site "Verona"]
[Date "2019.01.03"]
[Round "2"]
[White "Bonini, Roberto"]
[Black "Solinas, Roberto"]
[Result "1-0"]
[WhiteElo "1785"]
[BlackElo "1613"]
[PlyCount "95"]
[EventDate "2019.01.02"]
[EventType "swiss"]
[EventRounds "7"]
[EventCountry "ITA"]
[SourceTitle "CBM 188 Extra"]
[Source "ChessBase"]
[SourceDate "2019.02.26"]
[SourceVersion "1"]
[SourceVersionDate "2019.02.26"]
[SourceQuality "1"]

1. e4 b6 2. d4 Bb7 3. Nc3 g6 4. Nf3 Bg7 5. Bd3 e6 6. Be3 Ne7 7. Qd2 h6 8. h4 d6 9. h5 g5 10. Bb5+ Nd7 11. d5 e5 12. g4 a6 13. Bxd7+ Qxd7 14. Rg1 Ng8 15. Nh2 b5 16. 0-0-0 Ne7 17. Kb1 0-0 18. Ne2 f6 19. Ng3 a5 20. Nf5 Nxf5 21. gxf5 Kh7 22. f4 exf4 23. Bxf4 gxf4 24. Qxf4 Rh8 25. Rg6 Kg8 26. Rdg1 Rh7 27. Ng4 Kh8 28. Qg3 Rf8 29. Nxf6 Rxf6 30. Rxf6 Qe7 31. Re6 Qf7 32. f6 Qxh5 33. fxg7+ Kg8 34. Qg6 Qxg6 35. Rexg6 h5 36. b3 Bc8 37. Kb2 Bg4 38. Kc3 Rxg7 39. Rxg7+ Kxg7 40. Kd4 Kf6 41. c4 bxc4 42. bxc4 Kg5 43. Ke3 h4 44. Rc1 h3 45. c5 Kh4 46. cxd6 cxd6 47. Kf4 h2 48. Rh1 1-0

[Event "Verona op-B"]
[Site "Verona"]
[Date "2019.01.03"]
[Round "3"]
[White "Cordioli, Luca"]
[Black "Bonini, Roberto"]
[Result "1-0"]
[WhiteElo "1773"]
[BlackElo "1785"]
[PlyCount "115"]
[EventDate "2019.01.02"]
[EventType "swiss"]
[EventRounds "7"]
[EventCountry "ITA"]
[SourceTitle "CBM 188 Extra"]
[Source "ChessBase"]
[SourceDate "2019.02.26"]
[SourceVersion "1"]
[SourceVersionDate "2019.02.26"]
[SourceQuality "1"]

1. c4 Nf6 2. Nc3 g6 3. e4 d6 4. d4 Bg7 5. Be2 0-0 6. Be3 e5 7. d5 a5 8. g4 Na6 9. g5 Ne8 10. h4 f5 11. gxf6 Nxf6 12. h5 Bd7 13. hxg6 hxg6 14. Qd2 Kf7 15. Nf3 Rh8 16. Rg1 b6 17. 0-0-0 Nc5 18. Ng5+ Ke7 19. f4 exf4 20. Bxf4 Nh5 21. Be3 Be5 22. Nf3 Bxc3 23. Qxc3 Nxe4 24. Qc2 Bf5 25. Bd3 Nhf6 26. Bd4 Kd7 27. Ng5 Qe7 28. Rde1 Rae8 29. Bxf6 Qxf6 30. Nxe4 Qe5 31. Qc3 Qxc3+ 32. bxc3 Re5 33. Rg2 Ke7 34. Kd2 Rh4 35. Ng3 Rxe1 36. Nxf5+ gxf5 37. Kxe1 Kf6 38. Rg8 Ke5 39. Rg7 Kf4 40. Rxc7 Ke3 41. Bf1 Rh2 42. Re7+ Kf3 43. Be2+ Kf4 44. Re6 Rh1+ 45. Bf1 Rh2 46. Rxd6 Rxa2 47. Rxb6 Kf3 48. Rb1 Ke3 49. Rd1 f4 50. Rd3+ Ke4 51. Be2 Rb2 52. d6 f3 53. Rxf3 a4 54. Rf8 a3 55. d7 a2 56. Ra8 Ke3 57. d8Q Rb1+ 58. Qd1 1-0

[Event "Verona op-B"]
[Site "Verona"]
[Date "2019.01.02"]
[Round "1"]
[White "Ludovici, Roberto"]
[Black "Bonini, Roberto"]
[Result "1/2-1/2"]
[WhiteElo "1678"]
[BlackElo "1785"]
[PlyCount "75"]
[EventDate "2019.01.02"]
[EventType "swiss"]
[EventRounds "7"]
[EventCountry "ITA"]
[SourceTitle "CBM 188 Extra"]
[Source "ChessBase"]
[SourceDate "2019.02.26"]
[SourceVersion "1"]
[SourceVersionDate "2019.02.26"]
[SourceQuality "1"]

1. f4 d5 2. Nf3 Bf5 3. e3 Nf6 4. b3 e6 5. Bb2 Bd6 6. Be2 h6 7. 0-0 0-0 8. Ne5 Nbd7 9. Na3 c6 10. Nxd7 Nxd7 11. Rc1 Qa5 12. Nb1 Qxa2 13. Bc3 b5 14. d3 Qa6 15. Nd2 Bc5 16. Rf3 Qb6 17. d4 Be7 18. Nf1 Nf6 19. Ng3 Bh7 20. Qe1 a5 21. f5 a4 22. bxa4 Rxa4 23. Bd3 Bd6 24. Qe2 Bxg3 25. Rxg3 exf5 26. Rf1 Ne4 27. Bxe4 fxe4 28. Qh5 Bg6 29. Qg4 Qd8 30. h4 h5 31. Qf4 Rc4 32. Ba5 Qxa5 33. Rxg6 fxg6 34. Qxf8+ Kh7 35. Rf7 Qe1+ 36. Kh2 Qxh4+ 37. Kg1 Qe1+ 38. Kh2 1/2-1/2

[Event "Arco op 40th"]
[Site "Arco"]
[Date "2018.10.20"]
[Round "8"]
[White "Bonini, Roberto"]
[Black "Kellner, Nikolaus"]
[Result "1-0"]
[WhiteElo "1808"]
[BlackElo "1611"]
[PlyCount "35"]
[EventDate "2018.10.13"]
[EventType "swiss"]
[EventRounds "9"]
[EventCountry "ITA"]
[SourceTitle "CBM 186 Extra"]
[Source "ChessBase"]
[SourceDate "2018.08.24"]
[SourceVersion "1"]
[SourceVersionDate "2018.08.24"]
[SourceQuality "1"]

1. e4 d5 2. exd5 Nf6 3. Nf3 Bg4 4. Be2 Qxd5 5. d4 Nc6 6. c3 0-0-0 7. 0-0 Qf5 8. Nh4 Qh5 9. Bxg4+ Nxg4 10. h3 Nce5 11. f4 Qxh4 12. fxe5 Nxe5 13. Qe2 Nd7 14. Na3 Nf6 15. Nc4 e5 16. Qxe5 Bd6 17. Nxd6+ Rxd6 18. Bg5 1-0

[Event "Basso Veronese op 7th"]
[Site "Casaleone"]
[Date "2014.05.17"]
[Round "3"]
[White "Bonini, Roberto"]
[Black "Ljubisavljevic, Zivojin Z"]
[Result "0-1"]
[WhiteElo "1859"]
[BlackElo "2128"]
[PlyCount "86"]
[EventDate "2014.05.16"]
[EventType "swiss"]
[EventRounds "5"]
[EventCountry "ITA"]
[SourceTitle "EXT 2015"]
[Source "ChessBase"]
[SourceDate "2014.11.20"]
[SourceVersion "1"]
[SourceVersionDate "2014.11.20"]
[SourceQuality "1"]

1. e4 g6 2. d4 Bg7 3. Nf3 c6 4. Be2 d5 5. Nc3 dxe4 6. Nxe4 Nd7 7. Be3 Ngf6 8. Nxf6+ Nxf6 9. c3 0-0 10. h3 Nd5 11. Bd2 Qb6 12. Qc1 Bf5 13. 0-0 c5 14. Bc4 Rad8 15. Bh6 cxd4 16. Bxg7 Kxg7 17. Nxd4 Bc8 18. Re1 Qf6 19. Bxd5 Rxd5 20. Qe3 e6 21. Nf3 a6 22. Rad1 Rfd8 23. Rd4 Rxd4 24. Nxd4 Rd5 25. Nf3 Qd8 26. Ne5 h5 27. Re2 f6 28. Nf3 e5 29. Rd2 Be6 30. c4 Rxd2 31. Nxd2 Qa5 32. a3 Qc7 33. b3 Qc6 34. Ne4 Bc8 35. Qd3 Bf5 36. f3 Bxe4 37. fxe4 Qc5+ 38. Kf1 Qxa3 39. Qd7+ Kh6 40. Qxb7 Kg5 41. Kf2 h4 42. Qb6 Qb2+ 43. Kf3 Qc3+ 0-1

[Event "Verona Province-ch"]
[Site "Zevio Verona"]
[Date "2013.01.13"]
[Round "3"]
[White "Antolini, Aldo"]
[Black "Bonini, Roberto"]
[Result "0-1"]
[WhiteElo "1760"]
[BlackElo "1888"]
[PlyCount "92"]
[EventDate "2013.01.12"]
[EventType "swiss"]
[EventRounds "6"]
[EventCountry "ITA"]
[SourceTitle "EXT 2024"]
[Source "ChessBase"]
[SourceDate "2023.10.10"]
[SourceVersion "1"]
[SourceVersionDate "2023.10.10"]
[SourceQuality "1"]

1. e4 c5 2. Nf3 d6 3. d4 cxd4 4. Nxd4 a6 5. Nc3 Nf6 6. Bd3 e6 7. Be3 Be7 8. 0-0 0-0 9. f4 Qc7 10. f5 Nc6 11. fxe6 fxe6 12. Nxc6 Qxc6 13. Qe2 Bd7 14. Rad1 Rac8 15. Qd2 b5 16. Ne2 Ng4 17. Nd4 Rxf1+ 18. Rxf1 Qc5 19. Nf5 Nxe3 20. Nxe7+ Kh8 21. Nxc8 Nxf1+ 22. Kxf1 Qxc8 23. Qf4 e5 24. Qf2 Kg8 25. Qb6 Qc6 26. Qd8+ Kf7 27. Qh4 Kg8 28. Qd8+ Be8 29. a3 Kf7 30. Qh4 Kg8 31. Qd8 Kf8 32. Qh4 Bg6 33. Qd8+ Kf7 34. Qh4 Ke6 35. Qg3 Kd7 36. Qf2 Kc7 37. Qf8 Qd7 38. Qa8 Qc8 39. Qa7+ Qb7 40. Qf2 Bxe4 41. Bxe4 Qxe4 42. Qf7+ Kc6 43. Qe8+ Kc5 44. Qc8+ Kd4 45. c3+ Kd3 46. Qh3+ Kd2 0-1

[Event "Padova op-B 15th"]
[Site "Padova"]
[Date "2012.12.15"]
[Round "1"]
[White "Vastano, Ciro"]
[Black "Bonini, Roberto"]
[Result "0-1"]
[WhiteElo "1633"]
[BlackElo "1888"]
[PlyCount "92"]
[EventDate "2012.12.15"]
[EventType "swiss"]
[EventRounds "6"]
[EventCountry "ITA"]
[SourceTitle "EXT 2015"]
[Source "ChessBase"]
[SourceDate "2014.11.20"]
[SourceVersion "1"]
[SourceVersionDate "2014.11.20"]
[SourceQuality "1"]

1. e4 c5 2. Nf3 d6 3. d4 cxd4 4. Nxd4 Nf6 5. Nc3 a6 6. f3 e6 7. Be3 Be7 8. g4 Qc7 9. Qd2 Nc6 10. h4 b5 11. 0-0-0 Bb7 12. Nxc6 Bxc6 13. Bd3 Nd7 14. Bg5 Nb6 15. Bxe7 Qxe7 16. h5 h6 17. Kb1 d5 18. exd5 Nxd5 19. Nxd5 Bxd5 20. Rhf1 0-0 21. Rde1 Rfd8 22. Qe3 Rac8 23. f4 Qc5 24. Qg3 Bc4 25. Bxc4 Qxc4 26. Rf2 Rd4 27. Rg1 Rcd8 28. Qf3 Qc6 29. Qe2 Qe4 30. Qf1 Rd2 31. Rxd2 Rxd2 32. Qc1 Qxf4 33. Rf1 Qd4 34. Qe1 Rg2 35. a3 Qxg4 36. Qa5 Qc4 37. Qd8+ Kh7 38. Qd1 e5 39. b3 Qc3 40. Rxf7 e4 41. Rf1 Rd2 42. Qc1 e3 43. Rf3 Qd4 44. Qb2 Rd1+ 45. Ka2 Qxb2+ 46. Kxb2 e2 0-1

[Event "Basso Veronese op 5th"]
[Site "Casaleone"]
[Date "2012.05.??"]
[Round "4"]
[White "Bonini, Roberto"]
[Black "Guerra, Alessandro"]
[Result "0-1"]
[WhiteElo "1877"]
[BlackElo "2159"]
[PlyCount "86"]
[EventDate "2012.05.19"]
[EventType "swiss"]
[EventRounds "6"]
[EventCountry "ITA"]
[SourceTitle "EXT 2014"]
[Source "ChessBase"]
[SourceDate "2013.11.20"]
[SourceVersion "1"]
[SourceVersionDate "2013.11.20"]
[SourceQuality "1"]

1. e4 e5 2. Nf3 Nc6 3. Bb5 Nf6 4. 0-0 Nxe4 5. d4 Nd6 6. Ba4 e4 7. Re1 Be7 8. d5 exf3 9. dxc6 dxc6 10. Qxf3 Be6 11. c3 0-0 12. Nd2 Bg5 13. Bc2 Qf6 14. Ne4 Qxf3 15. gxf3 Bxc1 16. Raxc1 Rad8 17. Nc5 Bd5 18. Kg2 Rfe8 19. b3 b6 20. Na6 Rd7 21. Rxe8+ Nxe8 22. Re1 Kf8 23. Nb8 Rd8 24. Na6 c5 25. Rd1 Ke7 26. Re1+ Be6 27. Be4 Rd2 28. a4 Kd6 29. c4 Nf6 30. Bb7 Nh5 31. Nb8 Nf4+ 32. Kg3 Ne2+ 33. Kg2 Nd4 34. Re3 Rb2 35. Rd3 Rxb3 36. Rxb3 Nxb3 37. Nc6 a5 38. Nd8 Bxc4 39. Be4 Nd2 40. Nb7+ Ke7 41. Bc6 Ba6 42. Kg3 c4 43. Kf4 c3 0-1

[Event "Basso Veronese-B 2nd"]
[Site "Casaleone"]
[Date "2009.11.14"]
[Round "4"]
[White "Moscato, Riccardo"]
[Black "Bonini, Roberto"]
[Result "0-1"]
[WhiteElo "1711"]
[BlackElo "1845"]
[PlyCount "66"]
[EventDate "2009.11.07"]
[EventType "swiss"]
[EventRounds "6"]
[EventCountry "ITA"]
[SourceTitle "EXT 2015"]
[Source "ChessBase"]
[SourceDate "2014.11.20"]
[SourceVersion "1"]
[SourceVersionDate "2014.11.20"]
[SourceQuality "1"]

1. Nf3 d5 2. d4 Nf6 3. e3 e6 4. Bd3 c5 5. b3 Nbd7 6. Bb2 Bd6 7. 0-0 Qc7 8. Nbd2 a6 9. g3 b5 10. c3 c4 11. Be2 Bb7 12. Ne1 0-0 13. f4 g6 14. g4 Rac8 15. Nc2 Ne8 16. Rf2 f5 17. Qf1 b4 18. bxc4 bxc3 19. Bxc3 dxc4 20. g5 Bd5 21. Bf3 Bxf3 22. Nxf3 Qc6 23. Qe2 Nb6 24. Re1 Nd5 25. Ba1 Qa4 26. Ne5 Bxe5 27. dxe5 Qxa2 28. e4 fxe4 29. Qxe4 Ng7 30. Ne3 Qa5 31. Nxd5 exd5 32. Qe2 Ne6 33. Qg4 Qxe1+ 0-1

[Event "Basso Veronese-B 2nd"]
[Site "Casaleone"]
[Date "2009.11.07"]
[Round "1"]
[White "Rondelli, Roberto"]
[Black "Bonini, Roberto"]
[Result "1-0"]
[WhiteElo "1533"]
[BlackElo "1845"]
[PlyCount "99"]
[EventDate "2009.11.07"]
[EventType "swiss"]
[EventRounds "6"]
[EventCountry "ITA"]
[SourceTitle "EXT 2015"]
[Source "ChessBase"]
[SourceDate "2014.11.20"]
[SourceVersion "1"]
[SourceVersionDate "2014.11.20"]
[SourceQuality "1"]

1. Nf3 d5 2. c4 c6 3. d4 Nf6 4. Nc3 Bf5 5. Bg5 e6 6. cxd5 exd5 7. Qb3 Bc8 8. e3 Be7 9. Bd3 Nbd7 10. 0-0 0-0 11. Rac1 Ne4 12. Bxe7 Qxe7 13. Bxe4 dxe4 14. Nd2 Nf6 15. Qc2 Re8 16. Nc4 Nd5 17. Nxd5 cxd5 18. Nd2 Bd7 19. Qb3 Bc6 20. Rc5 f5 21. Nb1 Rad8 22. Nc3 Qf7 23. Rc1 f4 24. Nb5 fxe3 25. Qxe3 Bxb5 26. Rxb5 b6 27. Rb3 Rc8 28. Rbc3 Qd7 29. Rxc8 Rxc8 30. Rxc8+ Qxc8 31. Qg5 Qc6 32. h4 h6 33. Qe5 Kf7 34. g4 Qe6 35. Qf4+ Qf6 36. Qc7+ Kg8 37. Qxa7 Qxd4 38. Qd7 Qc5 39. Kg2 Kh7 40. Qf5+ Kh8 41. g5 hxg5 42. hxg5 Qd6 43. g6 Qd8 44. a4 d4 45. Qh3+ Kg8 46. Qh7+ Kf8 47. Qh8+ Ke7 48. Qxg7+ Ke6 49. Qf7+ Ke5 50. Qg7+ 1-0

[Event "Basso Veronese op 1st"]
[Site "Casaleone"]
[Date "2008.11.16"]
[Round "3"]
[White "Moscato, Riccardo"]
[Black "Bonini, Roberto"]
[Result "0-1"]
[WhiteElo "1434"]
[BlackElo "1843"]
[PlyCount "75"]
[EventDate "2008.11.15"]
[EventType "swiss"]
[EventRounds "6"]
[EventCountry "ITA"]
[SourceTitle "EXT 2011"]
[Source "ChessBase"]
[SourceDate "2010.11.26"]
[SourceVersion "1"]
[SourceVersionDate "2010.11.26"]
[SourceQuality "1"]

1. d4 Nf6 2. Nf3 d5 3. c4 e6 4. e3 Be7 5. Bd3 dxc4 6. Bxc4 c6 7. 0-0 Nbd7 8. Nc3 0-0 9. Bd2 Nb6 10. Bb3 Nbd5 11. Qe2 Nxc3 12. bxc3 Ne4 13. Rfc1 c5 14. Qd3 Nxd2 15. Qxd2 Qc7 16. Rab1 c4 17. Bd1 Rd8 18. Be2 e5 19. Nxe5 Qxe5 20. Bxc4 Qh5 21. Rb5 Qh6 22. Qe2 g6 23. Qf3 Qg7 24. Rcb1 Qf6 25. Qg3 Bd6 26. f4 b6 27. a4 Bd7 28. R5b2 Bxa4 29. Bd5 Bxf4 30. Rf2 Bxg3 31. Rxf6 Bxh2+ 32. Kxh2 Rxd5 33. Rbf1 Be8 34. e4 Rdd8 35. e5 Rac8 36. e6 fxe6 37. Rf8+ Kg7 38. g3 0-1

[Event "Arco op 30th"]
[Site "Arco"]
[Date "2008.10.23"]
[Round "6"]
[White "Kopischke, Maik"]
[Black "Bonini, Roberto"]
[Result "1-0"]
[WhiteElo "1930"]
[BlackElo "1843"]
[PlyCount "45"]
[EventDate "2008.10.18"]
[EventType "swiss"]
[EventRounds "9"]
[EventCountry "ITA"]
[SourceTitle "CBM 127 Extra"]
[Source "ChessBase"]
[SourceDate "2009.01.08"]
[SourceVersion "2"]
[SourceVersionDate "2009.01.28"]
[SourceQuality "1"]

1. d4 Nf6 2. Nf3 d5 3. Bf4 e6 4. e3 c5 5. c3 a6 6. a4 Bd6 7. dxc5 Bxf4 8. exf4 Qc7 9. Qd4 0-0 10. Bd3 Nc6 11. Qe3 e5 12. fxe5 Ng4 13. Qg5 h6 14. Qh5 Ngxe5 15. Nxe5 Nxe5 16. Bc2 Bg4 17. Qh4 Qxc5 18. 0-0 d4 19. h3 dxc3 20. Nxc3 Bd7 21. Qe4 f5 22. Qf4 Rae8 23. Rfd1 1-0